[Event "Poronin Tatra Limba op-B"]
[Site "Poronin"]
[Date "2021.05.28"]
[Round "9.26"]
[White "Zabrzanski, Marcin"]
[Black "Maciejewska, Sabina"]
[Result "1-0"]
[WhiteElo "1079"]
[BlackElo "1138"]
[PlyCount "24"]
[EventDate "2021.05.22"]
[EventType "swiss"]
[EventRounds "9"]
[EventCountry "POL"]
[SourceTitle "EXT 2022"]
[Source "ChessBase"]
[SourceDate "2021.10.06"]
[SourceVersion "1"]
[SourceVersionDate "2021.10.06"]
[SourceQuality "1"]

1. e4 g6 2. d4 Bg7 3. Nf3 d6 4. h3 Nf6 5. Bd3 0-0 6. 0-0 Re8 7. Nc3 a6 8. a4 c6 9. Re1 Be6 10. Ng5 Qb6 11. Nxe6 fxe6 12. Bc4 d5 1-0